| 000 -CABECERA |
| campo de control de longitud fija |
00997nam a2200253 u 4500 |
| 001 - NÚMERO DE CONTROL |
| campo de control |
000057834 |
| 005 - FECHA Y HORA DE LA ÚLTIMA TRANSACCIÓN |
| campo de control |
20200120223803.0 |
| 008 - DATOS DE LONGITUD FIJA--INFORMACIÓN GENERAL |
| campo de control de longitud fija |
130705s2011 ck ao gr 000 0 spa d |
| 020 ## - NÚMERO INTERNACIONAL ESTÁNDAR DEL LIBRO |
| Número Internacional Estándar del Libro |
9789583034954. |
| 041 0# - CÓDIGO DE LENGUA |
| Código de lengua del texto/banda sonora o título independiente |
/spa |
| Código de lengua original |
eng |
| 082 04 - NÚMERO DE LA CLASIFICACIÓN DECIMAL DEWEY |
| Número de clasificación |
133.5 |
| Número de documento/Ítem |
S45 |
| Número de edición |
21 |
| 100 1# - ENTRADA PRINCIPAL--NOMBRE DE PERSONA |
| Nombre de persona |
Singer, Marian |
| 245 13 - MENCIÓN DE TÍTULO |
| Título |
El gran libro de los astros, los números y la personalidad : |
| Resto del título |
todo lo que el día de su cumpleaños revela sobre su vida, sus relaciones y su destino / |
| Mención de responsabilidad, etc. |
Marian Singer ; Traducción de Silvia Dávila. |
| 250 ## - MENCIÓN DE EDICIÓN |
| Mención de edición |
1a. ed. |
| 260 ## - PUBLICACIÓN, DISTRIBUCIÓN, ETC. |
| Lugar de publicación, distribución, etc. |
Bogotá : |
| Nombre del editor, distribuidor, etc. |
Panamericana Editorial, |
| Fecha de publicación, distribución, etc. |
2011. |
| 300 ## - DESCRIPCIÓN FÍSICA |
| Extensión |
x, 312 p. : |
| Otras características físicas |
il., fots. |
| 500 ## - NOTA GENERAL |
| Nota general |
Título original : Birthday personology |
| 505 0# - NOTA DE CONTENIDO CON FORMATO |
| Título |
Numerología. Astrología. Enero. Febrero. Marzo. Abril. Mayo. Junio. Julio. Agosto. Septiembre. Octubre. Noviembre. Diciembre. |
| 650 17 - PUNTO DE ACCESO ADICIONAL DE MATERIA--TÉRMINO DE MATERIA |
| Término de materia o nombre geográfico como elemento de entrada |
Astrología |
| Fuente del encabezamiento o término |
LEMB. |
| 650 27 - PUNTO DE ACCESO ADICIONAL DE MATERIA--TÉRMINO DE MATERIA |
| Término de materia o nombre geográfico como elemento de entrada |
Numerología |
| Fuente del encabezamiento o término |
LEMB. |
| 650 27 - PUNTO DE ACCESO ADICIONAL DE MATERIA--TÉRMINO DE MATERIA |
| Término de materia o nombre geográfico como elemento de entrada |
Zodiaco |
| Fuente del encabezamiento o término |
LEMB. |
| 650 27 - PUNTO DE ACCESO ADICIONAL DE MATERIA--TÉRMINO DE MATERIA |
| Término de materia o nombre geográfico como elemento de entrada |
Adivinación |
| Fuente del encabezamiento o término |
LEMB. |
| 700 1# - PUNTO DE ACCESO ADICIONAL--NOMBRE DE PERSONA |
| Nombre de persona |
Dávila, Silvia |
| Término indicativo de función/relación |
traductor. |